000 00354nam a22001457a 4500
005 20170727092234.0
008 170727b xxu||||| |||| 00| 0 eng d
022 _a15239888
040 _cPK-LaUMT
082 _aZIAC 297.05
_bSTU-
245 _aStudies in contemporary Islam (Vol - 4 No,1)
260 _a[ ]
_b[ ]
_c2002
300 _a94 p.
942 _cBK
999 _c95769
_d95769